| 000 | 00754nam a22002417a 4500 | ||
|---|---|---|---|
| 005 | 20170124105923.0 | ||
| 010 | _aB-94514 | ||
| 020 |
_a9788175241053 _c400.00 |
||
| 035 | _aB-94514 | ||
| 037 | _bCen Lib/Ret | ||
| 040 |
_aDPL _bEN |
||
| 082 |
_a372.3 _bGUP |
||
| 100 |
_aGupta,D.K. _972891 |
||
| 245 |
_aHealth education for children / _cby D.K.Gupta |
||
| 260 |
_aNew Delhi _bKhel sahitya kendra _c2003 |
||
| 270 |
_a4264/3,Ansari road Darya Ganj _bNew Delhi _e110002 |
||
| 300 |
_a222p. _c21cm(Hb) |
||
| 650 |
_aChildren -- Health and hygiene _972892 |
||
| 650 |
_aHealth education _97783 |
||
| 650 |
_a शिक्षा _972893 |
||
| 650 |
_aबच्चे को शिक्षा _92124 |
||
| 942 |
_2ddc _cEN _h372.3 _mGUP |
||
| 999 |
_c123298 _d123298 |
||